[Event "Gustafson Memorial, S81189"]
[Site "CCLA"]
[Date "2018.10.22"]
[Round "?"]
[White "Edwards, K. E. D. G."]
[Black "Caliguire, John J."]
[Result "1/2-1/2"]
[WhiteElo "2311"]
[BlackElo "2298"]

1. d4 Nf6 2. c4 e6 3. Nc3 Bb4 4. Nf3 c5 5. g3 cxd4 6. Nxd4 O-O 7. Bg2 d5 
8. cxd5 Nxd5 9. Qb3 Qb6 10. Bxd5 exd5 11. Be3 Nc6 12. Nxc6 Qxc6 13. Qxb4 
d4 14. f3 dxe3 15. O-O a5 16. Qf4 Re8 17. Rfd1 h6 18. Rd6 Qc5 19. Rd4 Bh3 
20. Qd6 Qxd6 21. Rxd6 Rac8 22. Rd5 b6 23. g4 g6 24. Rad1 Kg7 25. Kh1 Rc4 
26. Rg1 Re6 27. Rdd1 Rec6 28. a3 f5 29. gxf5 Bxf5 30. Rd5 R4c5 31. Rgd1 b5
32. Nxb5 Rxd5 33. Rxd5 Rc2 34. Nd4 Rxb2 35. Kg2 Ra2 36. Rxa5 Bd3 37. Re5 
Bxe2 38. Rxe3 Bc4+ 39. Kg3 Rd2 40. Ne6+ Kf7 41. Nc5 Bf1 42. Re1 Rg2+ 43. 
Kf4 g5+ 44. Ke3 Bc4 45. Kd4 Bb5 46. Rb1 Be8 47. Rb7+ Kg6 48. Rb8 Kf7 49. 
Ne4 Ba4 50. h3 Rh2 51. Rb7+ Kg6 52. Rb6+ Kg7 53. f4 Rxh3 54. fxg5 hxg5 55.
 Ra6 Rxa3 56. Nc3 g4 57. Rxa4 Rxa4+ 58. Nxa4 Kf6 59. Ke3 1/2-1/2

[Event "Gustafson Memorial, S81189"]
[Site "CCLA"]
[Date "2018.10.22"]
[Round "?"]
[White "Edwards, K. E. D. G."]
[Black "Chilson, Steven W."]
[Result "1-0"]
[WhiteElo "2311"]
[BlackElo "2185"]

1. e4 c5 2. Nf3 Nc6 3. Nc3 e5 4. Bc4 Be7 5. d3 Nf6 6. Nd2 d6 7. Nf1 Bg4 8.
 f3 Be6 9. Ne3 O-O 10. O-O a6 11. a3 Nh5 12. Ncd5 Bg5 13. g3 b5 14. Ba2 
Nf6 15. f4 exf4 16. gxf4 Bh6 17. Kh1 Bxd5 18. Nxd5 Rc8 19. Ne3 g6 20. c3 
Kh8 21. Ng4 Nxg4 22. Qxg4 Bg7 23. Qg2 Bf6 24. Be3 a5 25. Rf3 b4 26. Rh3 
Qd7 27. f5 bxc3 28. bxc3 c4 29. Bxc4 Ne5 30. Bd5 Rxc3 31. d4 Nc4 32. Bh6 
Rxh3 33. Qxh3 Rc8 34. Rb1 Bxd4 35. Qd3 1-0

[Event "Gustafson Memorial, S81189"]
[Site "CCLA"]
[Date "2018.10.22"]
[Round "?"]
[White "Edwards, K. E. D. G."]
[Black "Deskin, Gary"]
[Result "1/2-1/2"]
[WhiteElo "2311"]
[BlackElo "2259"]

1. e4 e5 2. Nf3 Nc6 3. Bb5 a6 4. Ba4 Nf6 5. O-O Be7 6. d3 b5 7. Bb3 O-O 8.
 Nc3 d6 9. a3 Bg4 10. Be3 Nd4 11. Bxd4 exd4 12. Nd5 Nd7 13. h3 Bxf3 14. 
Qxf3 c6 15. Nxe7+ Qxe7 16. Qg3 c5 17. f4 Rae8 18. Rae1 Nb6 19. e5 dxe5 20.
 fxe5 c4 21. Ba2 Qc5 22. b4 Qd5 23. dxc4 Nxc4 24. Kh2 Qc6 25. Qf4 Kh8 26. 
Rf3 Qc7 27. Bxc4 Qxc4 28. c3 d3 29. Re4 Qxc3 30. e6 f5 31. e7 Rf6 32. Rd4 
Re6 33. Rfxd3 Qc6 34. Qxf5 R6xe7 35. Rd6 Qa8 36. Rg3 Qa7 37. Qg5 Re1 38. 
Rb6 Rg8 39. Qc5 Rc1 40. Rxa6 Qxc5 41. bxc5 Rxc5 42. Ra5 Rgc8 43. Rb3 g5 
44. Raxb5 Rxb5 45. Rxb5 Ra8 46. Rxg5 Rxa3 47. h4 h6 48. Rd5 Kh7 49. g3 Rc3
50. Rf5 Kg6 51. g4 Kg7 52. Rd5 Kg6 53. Rd6+ Kh7 54. h5 Rb3 55. Rd7+ Kg8 
56. Rc7 Ra3 57. Re7 Rb3 58. Kg2 Ra3 59. Kf2 Rb3 60. Rd7 Ra3 61. Rb7 Rc3 
62. Re7 Rb3 63. Ra7 Rc3 1/2-1/2

[Event "Gustafson Memorial, S81189"]
[Site "CCLA"]
[Date "2018.10.22"]
[Round "?"]
[White "Edwards, K. E. D. G."]
[Black "Gredescul, Andrea"]
[Result "1-0"]
[WhiteElo "2311"]
[BlackElo "2196"]

1. d4 d5 2. c4 c6 3. Nf3 Nf6 4. Nc3 a6 5. c5 Nbd7 6. Bf4 Nh5 7. Qd2 Nxf4 
8. Qxf4 f6 9. e4 e5 10. Qg3 dxe4 11. Nxe4 Qa5+ 12. Ned2 exd4 13. Bc4 Qxc5 
14. O-O Qd6 15. Rae1+ Kd8 16. Qh4 g5 17. Qh5 Ne5 18. Nxe5 fxe5 19. Qxg5+ 
Be7 20. Qg3 e4 21. Rxe4 Qxg3 22. hxg3 Bf5 23. Rxd4+ Kc7 24. Re1 Bd6 25. 
Nf3 Rae8 26. Rxe8 Rxe8 27. Bd3 Bxd3 28. Rxd3 b5 29. Kf1 c5 30. Rd5 c4 31. 
Rf5 Kb7 32. g4 Re4 33. g5 Bf4 34. g3 Bc1 35. b3 c3 36. Ne1 Kb6 37. Rd5 Bd2
38. Nc2 Rg4 39. Rd6+ Kb7 40. Rh6 Rxg5 41. Rxh7+ Kb6 42. Rh6+ Kb7 43. b4 
Rg7 44. Rd6 Rh7 45. Rd5 Rh1+ 46. Ke2 Rc1 47. Nd4 Re1+ 48. Kd3 Rd1 49. Rc5 
Be1+ 50. Ke2 Rxd4 51. Kxe1 Re4+ 52. Kf1 Rxb4 53. Rxc3 a5 54. Rc2 a4 55. f4
a3 56. f5 Rb1+ 57. Kf2 b4 58. Ke3 Rb2 59. Rc4 Rxa2 60. Rxb4+ Kc6 61. Ra4 
Kd5 62. Ra5+ Kd6 63. g4 Ke7 64. Kf3 Kf6 65. Kg3 Ra1 66. Ra6+ Kf7 67. Kf4 
a2 68. Ra7+ Kf8 69. Kg5 Kg8 70. Kg6 Kf8 71. f6 1-0

[Event "Gustafson Memorial, S81189"]
[Site "CCLA"]
[Date "2018.10.22"]
[Round "?"]
[White "Caliguire, John J."]
[Black "Edwards, K. E. D. G."]
[Result "1/2-1/2"]
[WhiteElo "2298"]
[BlackElo "2311"]

1. Nf3 c5 2. c4 Nf6 3. e3 g6 4. d4 cxd4 5. exd4 d5 6. Nc3 Bg7 7. cxd5 Nxd5
8. Qb3 Nxc3 9. bxc3 O-O 10. Be2 Nc6 11. Bf4 Na5 12. Qb4 Be6 13. O-O Bd5 
14. Ne5 Nc6 15. Nxc6 Bxc6 16. Rfe1 Rc8 17. Rad1 e6 18. Bf1 Re8 19. Be5 Qb6
20. Qxb6 axb6 21. g3 Bd5 22. Bxg7 Kxg7 23. c4 Bxc4 24. Bxc4 Rxc4 25. d5 e5
26. Rb1 Ra8 27. Rb2 e4 28. d6 Rd4 29. Ree2 Rd8 30. Rxb6 Rd7 31. Reb2 
1/2-1/2

[Event "Gustafson Memorial, S81189"]
[Site "CCLA"]
[Date "2018.10.22"]
[Round "?"]
[White "Caliguire, John J."]
[Black "Chilson, Steven W."]
[Result "1-0"]
[WhiteElo "2298"]
[BlackElo "2185"]

1. Nf3 Nf6 2. c4 e6 3. g3 d5 4. d4 Bb4+ 5. Bd2 Be7 6. Bg2 O-O 7. Qc2 c6 8.
 O-O b6 9. cxd5 cxd5 10. Rc1 Bb7 11. Ne5 Ne4 12. Nc3 Nxd2 13. Qxd2 Nd7 14.
 Nb5 Nxe5 15. dxe5 a5 16. Nd4 Bb4 17. Qf4 Qd7 18. a3 Be7 19. e3 Rfc8 20. 
Bf1 Rc5 21. h4 a4 22. g4 Qc7 23. Rd1 Ba6 24. g5 Bxf1 25. Kxf1 Rc4 26. Kg2 
Rb8 27. h5 b5 28. Rab1 Rf8 29. h6 g6 30. b3 axb3 31. Rxb3 Qd6 32. exd6 1-0

[Event "Gustafson Memorial, S81189"]
[Site "CCLA"]
[Date "2018.10.22"]
[Round "?"]
[White "Caliguire, John J."]
[Black "Deskin, Gary"]
[Result "1/2-1/2"]
[WhiteElo "2298"]
[BlackElo "2259"]

1. e4 e5 2. Nf3 Nc6 3. c3 d5 4. Qa4 f6 5. Bb5 Ne7 6. exd5 Qxd5 7. d4 a6 8.
 Bc4 Qe4+ 9. Be3 Bd7 10. dxe5 O-O-O 11. exf6 Nf5 12. Nbd2 Qg4 13. f7 Nxe3 
14. fxe3 Bc5 15. Qc2 Bxe3 16. Qe4 Bxd2+ 17. Nxd2 Rde8 18. fxe8=Q+ Rxe8 19.
 Qxe8+ Bxe8 20. O-O Kb8 21. Rae1 Bg6 22. Rf2 Qg5 23. Be6 Qc5 24. Nf3 Bh5 
25. g4 Bg6 26. Bd7 h5 27. Bxc6 Qxc6 28. Ne5 Qd6 29. g5 h4 30. Nxg6 Qxg6 
31. Re5 h3 32. Rfe2 Qf7 33. a4 Qf3 34. a5 1/2-1/2

[Event "Gustafson Memorial, S81189"]
[Site "CCLA"]
[Date "2018.10.22"]
[Round "?"]
[White "Caliguire, John J."]
[Black "Gredescul, Andrea"]
[Result "1/2-1/2"]
[WhiteElo "2298"]
[BlackElo "2196"]

1. e4 c6 2. d4 d5 3. Nc3 dxe4 4. Nxe4 Bf5 5. Ng3 Bg6 6. Bc4 e6 7. N1e2 Bd6
8. h4 h6 9. Nf4 Bxf4 10. Bxf4 Nf6 11. Qd2 Nd5 12. Ne2 Nd7 13. O-O-O O-O 
14. g4 Be4 15. Rh3 Re8 16. Ng3 Bg2 17. Rh2 Bf3 18. Be2 Bxe2 19. Nxe2 Nxf4 
20. Qxf4 Qa5 21. g5 h5 22. Kb1 e5 23. Qf5 Nf8 24. Qf3 Rad8 25. Qxh5 exd4 
26. Qg4 Qd5 27. Nc1 Re4 28. f4 Ng6 29. Nd3 Ne5 30. Nxe5 Qxe5 31. Rf2 c5 
32. h5 Qe6 33. Qg1 Rd5 34. Qf1 Re3 35. f5 Qe4 36. Rf4 Qe5 37. g6 d3 38. 
cxd3 Re2 39. d4 cxd4 40. Rfxd4 Rxd4 41. Rxd4 Rxb2+ 42. Kxb2 Qxd4+ 1/2-1/2

[Event "Gustafson Memorial, S81189"]
[Site "CCLA"]
[Date "2018.10.22"]
[Round "?"]
[White "Chilson, Steven W."]
[Black "Edwards, K. E. D. G."]
[Result "1/2-1/2"]
[WhiteElo "2185"]
[BlackElo "2311"]

1. c4 e5 2. Nc3 Bb4 3. Nd5 Be7 4. d4 d6 5. e4 Nf6 6. Nxe7 Qxe7 7. f3 exd4 
8. Qxd4 Nc6 9. Qc3 O-O 10. Be3 Re8 11. Ne2 a5 12. Ng3 a4 13. Be2 Qe5 14. 
Qxe5 dxe5 15. Kf2 Be6 16. Rhd1 g6 17. Rd2 Kg7 18. Rad1 Na5 19. Rc1 Nc6 20.
 Ke1 Red8 21. Rcd1 Rd7 22. Nf1 Na5 23. g4 h6 24. h4 Rxd2 25. Nxd2 Nd7 26. 
Kf2 Rd8 27. c5 Bxa2 28. Ra1 Bb3 29. Nxb3 Nxb3 30. Rd1 f6 31. Rd5 g5 32. 
hxg5 hxg5 33. Bd1 Kf7 34. Bxb3 axb3 35. Rd3 Ke7 36. Rxb3 Rb8 37. Ra3 Nf8 
38. b4 c6 39. Ra5 Ne6 40. Ra1 Rh8 41. Ra7 Nd8 42. Kg2 Kd7 43. Ra8 Rh7 44. 
Ra2 Ke6 45. Rd2 Rd7 46. Rxd7 Kxd7 47. Kf2 Ne6 48. Ke2 Kc8 49. Kd3 Nf8 50. 
Bc1 Kb8 51. Bd2 Ng6 52. Ke3 Ne7 53. Kd3 Kc7 54. Kc4 Ng6 55. Kd3 Kb8 56. 
Ke3 Nf4 57. Kf2 Ne6 58. Ke3 Ka7 59. Kd3 Ka8 60. Bc3 Kb8 61. Bd2 Nf8 62. 
Bc3 Ng6 63. Kd2 Ka7 64. b5 cxb5 65. Ba5 b4 66. Kd3 Ka6 67. Bd8 Nh4 68. Kc4
b3 69. Kxb3 Kb5 70. c6 Kxc6 71. Bxf6 Nxf3 72. Kc4 Kd6 73. Kb5 Nd2 74. Bxg5
Nxe4 75. Bc1 Nf2 76. g5 Ke6 77. g6 Nd3 78. Bd2 Nf4 79. g7 Kf7 80. Kc5 Kxg7
81. Bc3 Kf6 82. Bxe5+ Kxe5 83. Kb6 Ke4 84. Kxb7 1/2-1/2

[Event "Gustafson Memorial, S81189"]
[Site "CCLA"]
[Date "2018.10.22"]
[Round "?"]
[White "Chilson, Steven W."]
[Black "Caliguire, John J."]
[Result "0-1"]
[WhiteElo "2185"]
[BlackElo "2298"]

1. c4 c5 2. Nf3 Nc6 3. d4 cxd4 4. Nxd4 Nf6 5. Nc3 e6 6. a3 Be7 7. e4 O-O 
8. Nf3 b6 9. Be2 Qc7 10. O-O Bb7 11. Bg5 Rac8 12. Rc1 h6 13. Bh4 d6 14. b4
Qb8 15. h3 Ne5 16. Nxe5 dxe5 17. f3 Rfe8 18. Bf2 Nh5 19. g3 f5 20. Qb3 Kh7
21. Bd3 Red8 22. Rfd1 Kh8 23. Qb2 Ba6 24. Nb5 fxe4 25. fxe4 Bb7 26. Nc3 
Nf6 27. Qc2 Nh7 28. Kg2 Qa8 29. Qe2 Ng5 30. Bb1 Rf8 31. Re1 a5 32. Na4 
Rxf2+ 33. Qxf2 Rf8 34. Qe2 axb4 35. Nxb6 Qxa3 36. Rcd1 Bc6 37. h4 Nf3 38. 
Rf1 Nd4 39. Qd3 Rd8 40. Qxa3 bxa3 41. c5 Bb5 42. Bd3 Nc2 43. Bxb5 Ne3+ 44.
 Kf3 Nxd1 45. Nd7 Nc3 46. Bc6 a2 47. Ra1 Kh7 48. Ke3 h5 49. Kf2 g5 50. 
hxg5 Bxg5 51. Ke1 Bc1 52. Bb5 Nxb5 53. c6 Nc3 54. c7 Rc8 0-1

[Event "Gustafson Memorial, S81189"]
[Site "CCLA"]
[Date "2018.10.22"]
[Round "?"]
[White "Chilson, Steven W."]
[Black "Deskin, Gary"]
[Result "0-1"]
[WhiteElo "2185"]
[BlackElo "2259"]

1. c4 c6 2. e4 d5 3. exd5 cxd5 4. d4 e6 5. Nc3 Nf6 6. Nf3 Bb4 7. cxd5 Nxd5
8. Qc2 O-O 9. Bd3 h6 10. O-O Nc6 11. Bh7+ Kh8 12. Be4 Nce7 13. Bd2 Nf6 14.
 Rac1 Nxe4 15. Qxe4 Bd6 16. Nb5 Bb8 17. Bb4 Re8 18. Ne5 Kg8 19. Rfe1 Nd5 
20. Bd2 f6 21. Nc4 Qd7 22. Nc3 Rd8 23. g3 b6 24. b3 f5 25. Qe2 Nf6 26. a4 
Kh7 27. b4 Qf7 28. Ne5 Bxe5 29. dxe5 Ne8 30. Be3 Nc7 31. a5 bxa5 32. bxa5 
Ba6 33. Qf3 Nd5 34. Ne4 Nxe3 35. Nd6 Rxd6 36. Qxa8 Rd2 37. Rxe3 Qd7 38. 
Qb8 Rxf2 39. Qd6 Qb5 40. Kxf2 Qb2+ 41. Kf3 Bb7+ 42. Rc6 Qc2 43. Re2 Bxc6+ 
44. Kf2 Qc4 45. Qd2 Bb7 46. Qf4 Qc5+ 47. Qe3 Qxa5 48. g4 Be4 49. gxf5 Bxf5
50. Qd4 Qa3 51. Re3 Qc1 52. Re1 Qc7 53. h4 a5 54. Re2 Qf7 55. Re3 Bg6+ 56.
 Rf3 Qe8 57. Rc3 Qf8+ 58. Kg2 Bb1 59. Re3 Qf5 60. Re2 Qh5 61. Re3 Qg6+ 62.
 Kh2 Qc2+ 63. Kg1 Qc1+ 64. Kf2 Bg6 65. Re1 Qc2+ 66. Re2 Qf5+ 67. Kg2 Qb1 
68. Kh2 Bf5 69. Rd2 Qe1 70. Rg2 Be4 71. Qf2 Qb4 72. Rg4 Qb1 73. h5 Bf5 74.
 Rg2 Qd1 75. Qh4 Qd7 76. Qf4 a4 77. Qb4 Qf7 78. Qxa4 Qxh5+ 79. Kg3 Qg5+ 
80. Kf3 Qd8 81. Qf4 g5 82. Qd2 Qa8+ 83. Kf2 Kg6 84. Qe3 Be4 85. Rg4 Qa2+ 
86. Ke1 Bf5 87. Rd4 h5 88. Rd2 Qa8 89. Kf2 h4 90. Kg1 g4 91. Rd4 Qa1+ 92. 
Kg2 Qb2+ 93. Kg1 Qb1+ 94. Kg2 Kh5 95. Qe2 Qb3 96. Rd8 Qg3+ 97. Kh1 Qf4 98.
 Kg1 Kg6 99. Rd1 g3 100. Qd2 Qf3 101. Rf1 Qb7 102. Qf4 Qb6+ 103. Kh1 Qb5 
0-1

[Event "Gustafson Memorial, S81189"]
[Site "CCLA"]
[Date "2018.10.22"]
[Round "?"]
[White "Chilson, Steven W."]
[Black "Gredescul, Andrea"]
[Result "0-1"]
[WhiteElo "2185"]
[BlackElo "2196"]

1. c4 c6 2. e4 d5 3. exd5 cxd5 4. d4 Nf6 5. Nc3 g6 6. Qb3 Bg7 7. cxd5 O-O 
8. Nge2 Re8 9. g3 e6 10. dxe6 Bxe6 11. Qxb7 Nbd7 12. Bg2 Rb8 13. Qxa7 Bc4 
14. b3 Nd5 15. O-O Nxc3 16. Nxc3 Bxf1 17. Kxf1 Rc8 18. Nd5 Rc2 19. Be3 Nf6
20. Nb4 Rc7 21. Qa4 Ng4 22. Nd5 Rc2 23. Re1 Nxh2+ 24. Kg1 Ng4 25. Rd1 Bf8 
26. b4 Nxe3 27. Nxe3 Rb2 28. Qc6 Re6 29. Qc3 Rxb4 30. a3 Ra4 31. Nc4 Qc7 
32. Bd5 Rea6 33. Qc2 Kg7 34. Rb1 Ra7 35. Rb3 Be7 36. Kg2 Bf6 37. Qd3 h5 
38. Rb5 h4 39. Rc5 Qd8 40. g4 Rd7 41. Qe4 Re7 42. Qd3 Re1 43. Kh3 Ra7 44. 
Qd2 Rg1 45. Qf4 Rd7 46. Qe4 Rd1 47. Ne5 Bxe5 48. Qxe5+ f6 49. Qe4 Re7 50. 
Qf3 Rxd4 51. Bc4 Red7 52. Qc6 Rd2 53. Be6 R7d3+ 0-1

[Event "Gustafson Memorial, S81189"]
[Site "CCLA"]
[Date "2018.10.22"]
[Round "?"]
[White "Deskin, Gary"]
[Black "Edwards, K. E. D. G."]
[Result "1/2-1/2"]
[WhiteElo "2259"]
[BlackElo "2311"]

1. d4 Nf6 2. c4 e6 3. Nf3 d5 4. Nc3 Be7 5. Bf4 O-O 6. e3 Nbd7 7. cxd5 Nxd5
8. Nxd5 exd5 9. a3 c5 10. dxc5 Nxc5 11. Be2 Bf6 12. Be5 Bxe5 13. Nxe5 Be6 
14. Nf3 Qb6 15. Qd4 Rfc8 16. Rd1 Rc6 17. O-O Nb3 18. Qe5 Qc7 19. Bd3 Qxe5 
20. Nxe5 Rb6 21. f4 Re8 22. Rf2 g6 23. Rc2 Kg7 24. Bf1 Na5 25. Nf3 Re7 26.
 Rc5 Nc4 27. Bxc4 dxc4 28. Rd2 Rb3 29. e4 b6 30. Rc6 c3 31. Rxc3 Rxc3 32. 
bxc3 Rc7 33. Nd4 Bc4 34. e5 Rc5 35. Rd1 h5 36. g3 f6 37. Re1 Ra5 38. e6 
Kf8 39. Nc6 Rc5 40. Nd4 Ra5 41. Nc6 Rc5 42. Nd4 Ra5 1/2-1/2

[Event "Gustafson Memorial, S81189"]
[Site "CCLA"]
[Date "2018.10.22"]
[Round "?"]
[White "Deskin, Gary"]
[Black "Caliguire, John J."]
[Result "1/2-1/2"]
[WhiteElo "2259"]
[BlackElo "2298"]

1. d4 Nf6 2. c4 e6 3. Nf3 b6 4. g3 Bb4+ 5. Bd2 Bxd2+ 6. Qxd2 Ba6 7. b3 d5 
8. cxd5 exd5 9. Qe3+ Ne4 10. Nc3 Bb7 11. Bg2 O-O 12. Nxe4 dxe4 13. Ne5 Qd5
14. O-O Nd7 15. Nc4 Nf6 16. Qf4 Qd8 17. Rfc1 Re8 18. b4 Qxd4 19. Qxc7 Rac8
20. Qxb7 Rxc4 21. e3 Qb2 22. Rxc4 Qxa1+ 23. Bf1 Qxa2 24. h3 h6 25. Rd4 Kh7
26. Bc4 Qb1+ 27. Kg2 Qxb4 28. Qxa7 Qe7 29. Qxb6 Rc8 1/2-1/2

[Event "Gustafson Memorial, S81189"]
[Site "CCLA"]
[Date "2018.10.22"]
[Round "?"]
[White "Deskin, Gary"]
[Black "Chilson, Steven W."]
[Result "1/2-1/2"]
[WhiteElo "2259"]
[BlackElo "2185"]

1. d4 Nf6 2. c4 e6 3. Nf3 d5 4. Nc3 Be7 5. Bf4 O-O 6. e3 Nbd7 7. cxd5 Nxd5
8. Nxd5 exd5 9. a3 c5 10. dxc5 Nxc5 11. Be2 Bf6 12. Be5 Bxe5 13. Nxe5 Qd6 
14. Nf3 Bd7 15. O-O Rac8 16. Rc1 a6 17. Rc3 Rc7 18. Nd4 Rfc8 19. Qc2 Qb6 
20. Rc1 Ne6 21. Qd2 Nxd4 22. Qxd4 Qxd4 23. exd4 Rxc3 24. Rxc3 Rxc3 25. 
bxc3 Ba4 26. Bd3 Kf8 27. f4 Bd7 28. Kf2 Ke7 29. Kg3 Kf6 30. Be2 g6 31. Bf3
Bc6 32. Bg4 1/2-1/2

[Event "Gustafson Memorial, S81189"]
[Site "CCLA"]
[Date "2018.10.22"]
[Round "?"]
[White "Deskin, Gary"]
[Black "Gredescul, Andrea"]
[Result "1-0"]
[WhiteElo "2259"]
[BlackElo "2196"]

1. d4 d5 2. c4 c6 3. Nf3 e6 4. Nc3 dxc4 5. a4 Bb4 6. e3 b5 7. Bd2 a5 8. 
axb5 Bxc3 9. Bxc3 cxb5 10. b3 Bb7 11. bxc4 b4 12. Bb2 Nf6 13. Bd3 Be4 14. 
Bxe4 Nxe4 15. Qc2 Nf6 16. O-O O-O 17. Ra4 Qc7 18. Rfa1 Ra7 19. Nd2 Rd8 20.
 Nb3 Nc6 21. Qe2 Nd7 22. c5 Nf8 23. Qb5 Rb7 24. Qc4 Ra7 25. f3 Ng6 26. e4 
Nge7 27. Bc1 h6 28. Be3 Rc8 29. Bf2 Qf4 30. Rd1 Rd8 31. Qe2 Rad7 32. h3 
Ra8 33. Rd2 Qc7 34. Kh1 Rad8 35. Bg1 Qf4 36. Be3 Qc7 37. Bg1 Qf4 38. Rd1 
Ra7 39. Bh2 Qg5 40. Qe1 Qg6 41. Bd6 Nc8 42. Bg3 N8e7 43. Bh4 f6 44. Rd2 
Kh7 45. Qd1 Qh5 46. Bf2 Kh8 47. Kg1 Qe8 48. Qa1 Rad7 49. Raa2 f5 50. Nxa5 
fxe4 51. Nxc6 Nxc6 52. fxe4 Qg6 53. d5 exd5 54. Bh4 b3 55. Rab2 Ne7 56. 
Rxb3 Qxe4 57. c6 Nxc6 58. Bxd8 Rxd8 59. Rd1 d4 60. Qb1 Qxb1 61. Rbxb1 Kh7 
62. Kf2 Ra8 63. Rb6 Ra2+ 64. Kg1 Rc2 65. Rb5 Kg6 66. Rf1 Re2 67. Rd5 Re6 
68. Rf8 Re1+ 69. Kf2 Re6 70. g4 Kh7 71. Rd7 Kg6 72. h4 d3 73. Rxd3 Ne5 74.
 Rd4 h5 75. g5 Nc6 76. Ra4 Ne7 77. Re8 Kf7 78. Rea8 Nf5 79. R8a7+ Re7 80. 
R7a5 Kg6 81. Rf4 Ne3 82. Kf3 Ng4 83. Re4 Rf7+ 84. Kg3 Rf8 85. Re7 Rb8 86. 
Ra6+ Kh7 87. Raa7 Rg8 88. Kf4 Rf8+ 89. Ke4 Nf2+ 90. Ke5 Ng4+ 91. Kd6 Rg8 
92. Rad7 Nh2 93. Re6 Ra8 94. Rh6+ Kg8 95. Rxh5 Ng4 96. Rb7 Ra6+ 97. Ke7 g6
98. Rb8+ Kg7 99. Rhh8 Ra7+ 100. Kd6 Ra6+ 101. Kc7 Ra7+ 102. Kb6 Ra1 103. 
Rhg8+ Kf7 104. Rbf8+ Ke7 105. Re8+ Kf7 106. Rgf8+ Kg7 107. Rf4 Rb1+ 108. 
Kc5 Nh2 109. Re7+ Kg8 110. Rf6 Rc1+ 111. Kd6 Rd1+ 112. Kc6 Rc1+ 113. Kd7 
1-0

[Event "Gustafson Memorial, S81189"]
[Site "CCLA"]
[Date "2018.10.22"]
[Round "?"]
[White "Gredescul, Andrea"]
[Black "Edwards, K. E. D. G."]
[Result "1/2-1/2"]
[WhiteElo "2196"]
[BlackElo "2311"]

1. e4 c5 2. Nf3 d6 3. d4 cxd4 4. Nxd4 Nf6 5. Nc3 a6 6. Be3 Ng4 7. Bc1 Nf6 
8. f3 e5 9. Nb3 Be6 10. Be3 h5 11. Qd2 Nbd7 12. Nd5 Bxd5 13. exd5 Qc7 14. 
c4 a5 15. a4 g6 16. Bd3 Bg7 17. c5 dxc5 18. Bb5 b6 19. d6 Qb7 20. O-O e4 
21. Rae1 O-O 22. Bg5 Rae8 23. f4 Re6 24. f5 Re5 25. fxg6 fxg6 26. Bxf6 
Nxf6 27. d7 e3 28. Qd3 Kh7 29. d8=Q Rxd8 30. Qxd8 Rd5 31. Nxa5 bxa5 32. 
Qxa5 Rd2 33. Re2 Ne4 34. Qa6 Qd5 35. Bc6 Qd4 36. Bxe4 Qxe4 37. Rfe1 c4 38.
 Rxd2 exd2 39. Rxe4 d1=Q+ 40. Kf2 Bd4+ 41. Rxd4 Qxd4+ 42. Kf3 Qd1+ 43. Kf4
Qc1+ 44. Kf3 Qf1+ 45. Kg3 Qd3+ 46. Kf4 Qd4+ 47. Kf3 Qd5+ 48. Kg3 Qd3+ 49. 
Kf4 Qd2+ 50. Kf3 Qd1+ 51. Kf4 Qd4+ 52. Kf3 1/2-1/2

[Event "Gustafson Memorial, S81189"]
[Site "CCLA"]
[Date "2018.10.22"]
[Round "?"]
[White "Gredescul, Andrea"]
[Black "Caliguire, John J."]
[Result "0-1"]
[WhiteElo "2196"]
[BlackElo "2298"]

1. e4 c5 2. Nf3 d6 3. d4 cxd4 4. Nxd4 Nf6 5. Nc3 g6 6. Be3 Bg7 7. f3 Nc6 
8. Qd2 O-O 9. O-O-O Nxd4 10. Bxd4 Be6 11. Kb1 Nd7 12. Bxg7 Kxg7 13. h4 Qa5
14. h5 g5 15. Bb5 h6 16. Bxd7 Bxd7 17. Qd4+ f6 18. Nd5 Be6 19. Rd3 Qd8 20.
 f4 Qd7 21. fxg5 hxg5 22. h6+ Kh7 23. Rd2 b5 24. g3 Rac8 25. a3 Qb7 26. 
Qd3 Bf7 27. Qf3 Bg6 28. Re2 Rc5 29. g4 a5 30. Ka1 Qd7 31. Kb1 Rd8 32. Rhe1
Qe6 33. Qd3 Rb8 34. Rd1 Rb7 35. Qg3 b4 36. axb4 axb4 37. b3 Qc8 38. Kb2 
Ra5 39. Qe1 Qxg4 40. Rd4 Rba7 41. Nxb4 Qe6 42. Qg3 Ra1 43. Rc4 Rd1 44. Qh2
Raa1 45. Nd5 Rh1 46. Qg3 Rab1+ 47. Ka3 Bxe4 48. Rcxe4 Qxd5 49. Rxe7+ Kxh6 
50. Rh2+ Kg6 0-1

[Event "Gustafson Memorial, S81189"]
[Site "CCLA"]
[Date "2018.10.22"]
[Round "?"]
[White "Gredescul, Andrea"]
[Black "Chilson, Steven W."]
[Result "1/2-1/2"]
[WhiteElo "2196"]
[BlackElo "2185"]

1. e4 c5 2. Nf3 Nc6 3. d4 cxd4 4. Nxd4 Nf6 5. Nc3 e5 6. Ndb5 d6 7. Bg5 a6 
8. Na3 b5 9. Nd5 Be7 10. Bxf6 Bxf6 11. c3 Rb8 12. Nc2 Bg5 13. a4 bxa4 14. 
Ncb4 Bd7 15. Bxa6 Nxb4 16. Nxb4 Qa5 17. Qxd6 Rb6 18. Qd3 Be7 19. Nd5 Rxb2 
20. O-O Qc5 21. Rad1 Bc6 22. Nxe7 Kxe7 23. Qg3 g6 24. Rd5 Bxd5 25. Qxe5+ 
Kd7 26. Qxh8 Be6 27. Rd1+ Kc6 28. Qa8+ Kc7 29. Qd8+ Kc6 30. Qe8+ Kc7 31. 
Qd8+ Kc6 32. Qa8+ Kc7 1/2-1/2

[Event "Gustafson Memorial, S81189"]
[Site "CCLA"]
[Date "2018.10.22"]
[Round "?"]
[White "Gredescul, Andrea"]
[Black "Deskin, Gary"]
[Result "1/2-1/2"]
[WhiteElo "2196"]
[BlackElo "2259"]

1. e4 e5 2. Nf3 Nc6 3. Bb5 Nf6 4. O-O Nxe4 5. d4 Be7 6. Qe2 Nd6 7. Bxc6 
bxc6 8. dxe5 Nb7 9. Nc3 Nc5 10. Nd4 O-O 11. Rd1 Qe8 12. Nf5 f6 13. Qg4 Ne6
14. Bh6 Rf7 15. Be3 Kh8 16. Nxe7 Qxe7 17. exf6 Rxf6 18. Qh4 Kg8 19. f3 d6 
20. Re1 Rf7 21. Qc4 Bd7 22. a4 Qf6 23. Rad1 Qg6 24. Qe4 Qxe4 25. Nxe4 c5 
26. Nc3 Re8 27. b3 Kf8 28. Re2 Bc6 29. Kf2 Rf5 30. h4 h6 31. Rf1 1/2-1/2